00715nam a2200193Ia 4500003000900000008004100009020001800050040001600068080001500084100001900099245017400118260003900292300001300331650004100344650001600385942000700401999001500408952009800423IN-BaIIA211028s9999 xx 000 0 eng d a0-471-02997-1 cIIA Library a530.1bDIR aDirac, P. A. M 0aDirections in physicsblectures delivered during a visit to Australia and Newzeland August/ Sept.ember 1975cP. A. M. Dirac  aNew YorkbWiley-Intersciencec1978 aix, 95p. aAstronomy and astrophysics thesaurus aPhysics973 cBK c6069d6069 00104070aBANbBANcGENd1978-11-30l0o530.1/ DIRp6776r2021-11-05w1978-11-30yBK 12.95